00318nam a2200121Ia 4500003000400000005001700004008004100021020001900062040002700081100001700108245003600125260003500161OSt20240311100448.0170523s9999 xx 000 0 und d a978-8189866204 cIIMT UNIVERSITY MEERUT aSingal- R.K. 0aBasic of Mechanical Engineering aNew Delhi : I.K. International